[Event "40 Yrs Beer Sheva CC"]
[Site "Beer Sheva ISR"]
[Date "2013.05.28"]
[Round "7"]
[White "Fridman, Daniel"]
[Black "Khmelniker, Ilya"]
[Result "1/2-1/2"]
[WhiteTitle "GM"]
[BlackTitle "GM"]
[WhiteElo "2648"]
[BlackElo "2494"]
[WhiteFideId "11600454"]
[BlackFideId "2805340"]
[EventDate "2013.05.26"]

1. d4 Nf6 2. c4 g6 3. Nc3 d5 4. Nf3 Bg7 5. h4 c6 6. cxd5 cxd5 7. Bf4 O-O 8. e3
Nc6 9. Be2 Qb6 10. Qb3 Qxb3 11. axb3 Bf5 12. Ne5 Nb4 13. Kd2 Nd7 14. g4 Be6 15.
Nd3 Nxd3 16. Kxd3 f5 17. f3 fxg4 18. fxg4 Bf7 19. Bg3 e5 20. Nb5 a6 21. Nd6 Be6
22. Nxb7 h5 23. gxh5 Bf5+ 24. Kd2 exd4 25. exd4 Bxd4 26. hxg6 Bxg6 27. h5 Be4
28. Rhf1 Bxb2 29. Rxa6 d4 30. Bc4+ Kh8 31. Nd6 Bc3+ 32. Kd1 Rxf1+ 33. Bxf1 Bf3+
34. Kc2 Rxa6 35. Bxa6 Bxh5 36. Ne4 Bg6 37. Bd3 Ba5 38. Bd6 Kg7 39. b4 Bb6 40.
Kb3 Bf7+ 41. Ka4 Be8 42. b5 Kf7 43. Bc4+ Kg6 44. Kb4 Kf5 45. Ng3+ Kf6 46. Bd5
Bg6 47. Ne4+ Bxe4 48. Bxe4 Ke6 49. Bg3 Ne5 50. Bh7 Kd5 51. Kb3 Ng4 52. Be1 Kc5
53. Bd3 Ne5 54. Bf1 d3 55. Bc3 Kxb5 56. Bxe5 Kc5 57. Bxd3 Kd5 58. Bg7 Bd4 59.
Bc4+ Ke4 60. Bh6 Kf5 61. Kc2 Kg6 62. Be3 1/2-1/2

[Event "40 Yrs Beer Sheva CC"]
[Site "Beer Sheva ISR"]
[Date "2013.05.28"]
[Round "7"]
[White "Roiz, Michael"]
[Black "Fedorchuk, Sergey A."]
[Result "1/2-1/2"]
[WhiteTitle "GM"]
[BlackTitle "GM"]
[WhiteElo "2617"]
[BlackElo "2660"]
[WhiteFideId "2804158"]
[BlackFideId "14102536"]
[EventDate "2013.05.26"]

1. Nf3 Nf6 2. c4 b6 3. d4 e6 4. g3 Bb7 5. Bg2 Bb4+ 6. Bd2 a5 7. O-O O-O 8. Bf4
Be7 9. Qc2 c5 10. dxc5 bxc5 11. Nc3 d6 12. Rfd1 Ra6 13. e4 Nfd7 14. e5 dxe5 15.
Nxe5 Bxg2 16. Kxg2 Qc8 17. Nxd7 Nxd7 18. Qe2 Bf6 19. Nb5 Bd4 20. Be3 e5 21. Rac1
Re6 22. b3 a4 23. Rb1 axb3 24. axb3 Nb8 25. b4 cxb4 26. Rxb4 Nc6 27. Rbb1 Bxe3
28. Qxe3 Ne7 29. Qe2 Nf5 30. Qe4 g6 31. Rd5 Qc6 32. Re1 Rfe8 33. Rd2 Qc5 34. Rd5
Qc6 35. Rd2 Qc5 36. Qd5 Rc8 37. Qxc5 Rxc5 38. Rd5 Rxc4 39. Rdxe5 1/2-1/2

[Event "40 Yrs Beer Sheva CC"]
[Site "Beer Sheva ISR"]
[Date "2013.05.28"]
[Round "7"]
[White "Rodshtein, Maxim"]
[Black "Greenfeld, Alon"]
[Result "1-0"]
[WhiteTitle "GM"]
[BlackTitle "GM"]
[WhiteElo "2638"]
[BlackElo "2538"]
[WhiteFideId "2806851"]
[BlackFideId "2800039"]
[EventDate "2013.05.26"]

1. d4 e6 2. c4 b6 3. e4 Bb7 4. Bd3 Bb4+ 5. Bd2 Bxd2+ 6. Nxd2 Qf6 7. Ngf3 Nc6 8.
Nb3 g5 9. e5 Qg7 10. O-O O-O-O 11. c5 g4 12. Nfd2 f6 13. cxb6 axb6 14. a4 fxe5
15. a5 Nge7 16. Nc4 b5 17. Na3 Nd5 18. Nxb5 Nf4 19. Nc5 Nxd4 20. Nxd4 exd4 21.
Qb3 1-0

[Event "40 Yrs Beer Sheva CC"]
[Site "Beer Sheva ISR"]
[Date "2013.05.28"]
[Round "7"]
[White "Nabaty, Tamir"]
[Black "Laznicka, Viktor"]
[Result "1-0"]
[WhiteTitle "GM"]
[BlackTitle "GM"]
[WhiteElo "2579"]
[BlackElo "2679"]
[WhiteFideId "2809052"]
[BlackFideId "316385"]
[EventDate "2013.05.26"]

1. e4 c6 2. d4 d5 3. f3 Qb6 4. c3 e5 5. Qe2 exd4 6. exd5+ Kd8 7. cxd4 Nf6 8. Nc3
Bb4 9. Qc2 Nxd5 10. Bd3 Qxd4 11. Ne2 Qc5 12. Be4 Be6 13. Bg5+ Kc8 14. Bxd5 Qxd5
15. Qc1 Bxc3+ 16. Nxc3 Qc4 17. b3 Qd4 18. Be3 Qh4+ 19. Bf2 Qh6 20. Be3 Qh4+ 21.
Bf2 Qh6 22. Qb2 b6 23. O-O Kb7 24. Ne4 Bd5 25. Bg3 Rd8 26. Qe5 Rd7 27. Nd6+ Rxd6
28. Qxd6 Qxd6 29. Bxd6 Nd7 30. Rfe1 Be6 31. Rad1 a5 32. Bg3 Nc5 33. Bf2 g6 34.
Bxc5 bxc5 35. Re5 Kb6 36. Rc1 Bd5 37. Re3 a4 38. bxa4 c4 39. Ra3 Ka5 40. Rb1 Rd8
41. Kf2 Be6 42. Ke3 Bf5 43. Rb7 Be6 44. Ke2 h5 45. Re3 Kxa4 46. Rb6 Rd6 47. Re5
c3 48. Rc5 Rd2+ 49. Kf1 c2 50. Rbxc6 Bf5 51. Rc3 Kb4 52. R6c4+ Kb5 53. Rc5+ Kb4
54. a3+ Ka4 55. R5c4+ Kb5 56. Rc5+ Ka4 57. h3 h4 58. Kg1 Re2 59. Kf1 Rd2 60. Kg1
Re2 61. Kh2 Rf2 62. R5c4+ Ka5 63. Rxh4 Bd3 64. Rd4 Bb5 65. Rd5 Ka4 66. Rd4+ Ka5
67. Rd5 Kb6 68. Rdc5 Ba4 69. R5c4 Ka5 70. Rc7 f5 71. Ra7+ Kb5 72. Rb7+ Ka6 73.
Rb4 Bb5 74. a4 Bd3 75. Rd4 1-0

[Event "40 Yrs Beer Sheva CC"]
[Site "Beer Sheva ISR"]
[Date "2013.05.28"]
[Round "8"]
[White "Huzman, Alexander"]
[Black "Roiz, Michael"]
[Result "1/2-1/2"]
[WhiteTitle "GM"]
[BlackTitle "GM"]
[WhiteElo "2572"]
[BlackElo "2617"]
[WhiteFideId "2803828"]
[BlackFideId "2804158"]
[EventDate "2013.05.26"]

1. d4 Nf6 2. c4 e6 3. Nf3 d5 4. g3 Bb4+ 5. Bd2 Bd6 6. Bg2 c6 7. Nc3 Nbd7 8. Qb3
O-O 9. O-O dxc4 10. Qxc4 e5 11. Bg5 exd4 12. Qxd4 Qe7 13. Rad1 Bc5 14. Qd2 h6
15. Bf4 Nb6 16. Bd6 Bxd6 17. Qxd6 Qxd6 18. Rxd6 1/2-1/2

[Event "40 Yrs Beer Sheva CC"]
[Site "Beer Sheva ISR"]
[Date "2013.05.28"]
[Round "8"]
[White "Fedorchuk, Sergey A."]
[Black "Postny, Evgeny"]
[Result "0-1"]
[WhiteTitle "GM"]
[BlackTitle "GM"]
[WhiteElo "2660"]
[BlackElo "2637"]
[WhiteFideId "14102536"]
[BlackFideId "2804344"]
[EventDate "2013.05.26"]

1. e4 c6 2. d4 d5 3. Nd2 dxe4 4. Nxe4 Bf5 5. Ng3 Bg6 6. Bc4 e6 7. N1e2 Nf6 8.
Bb3 Bd6 9. Nf4 Bxf4 10. Bxf4 h6 11. O-O O-O 12. Re1 Nbd7 13. Qf3 Re8 14. Rad1 a5
15. a4 Nd5 16. Bd6 N7f6 17. Be5 b5 18. h3 Qb6 19. Nf1 Rac8 20. Ra1 Nd7 21. axb5
Nxe5 22. Rxe5 Qxd4 23. Rae1 a4 24. c3 Qd3 25. Qxd3 Bxd3 26. Bxa4 cxb5 27. Bb3
Nf4 28. Rd1 f6 29. Re3 Bc4 30. Bxc4 bxc4 31. Rd7 Red8 32. Rxd8+ Rxd8 33. g3
Nxh3+ 34. Kg2 Rd1 35. Rxe6 Ng5 36. Re2 Rd8 37. Ne3 Rc8 38. Nf5 Rc7 39. Re8+ Kh7
40. f4 Nf7 41. Kf3 h5 42. Ne3 g5 43. Re4 g4+ 44. Kg2 Nd6 45. Re6 Rd7 46. Nd5 Ne4
47. Nxf6+ Nxf6 48. Rxf6 Rd2+ 49. Kf1 Rxb2 50. Rc6 Rb1+ 51. Kf2 Rb2+ 52. Ke3 Rg2
53. f5 Rxg3+ 54. Kf4 Rf3+ 55. Kg5 g3 56. Rc7+ Kg8 57. Kg6 Kf8 58. f6 Ke8 59.
Re7+ Kd8 60. Re2 h4 61. f7 Rxf7 62. Kxf7 h3 63. Re4 g2 64. Rd4+ Kc7 65. Rxc4+
Kd6 66. Rg4 h2 67. Rxg2 h1=Q 68. Rg6+ Kd7 69. Kf6 Qe4 70. c4 Qf4+ 71. Kg7 Ke7
72. c5 Qe5+ 73. Kh7 Kf7 0-1

[Event "40 Yrs Beer Sheva CC"]
[Site "Beer Sheva ISR"]
[Date "2013.05.28"]
[Round "8"]
[White "Khmelniker, Ilya"]
[Black "Rodshtein, Maxim"]
[Result "1/2-1/2"]
[WhiteTitle "GM"]
[BlackTitle "GM"]
[WhiteElo "2494"]
[BlackElo "2638"]
[WhiteFideId "2805340"]
[BlackFideId "2806851"]
[EventDate "2013.05.26"]

1. d4 Nf6 2. Nf3 g6 3. c4 Bg7 4. Nc3 d5 5. cxd5 Nxd5 6. Bg5 Nxc3 7. bxc3 c5 8.
e3 O-O 9. Be2 h6 10. Bh4 b6 11. O-O Bb7 12. Qa4 g5 13. Bg3 Qd7 14. Qa3 cxd4 15.
cxd4 Nc6 16. Ba6 Rac8 17. Bxb7 Qxb7 18. Rab1 Qd7 19. Rfd1 Qd5 20. h4 g4 21. Ne5
Bxe5 22. Bxe5 Nxe5 23. dxe5 Qxe5 24. Rd4 h5 25. Rbd1 e6 26. Qxa7 g3 27. Qxb6 Rc2
28. Rf4 Rb8 29. Qd4 Qxd4 30. exd4 Rbb2 31. Rf1 Rxa2 32. Rf3 gxf2+ 33. R1xf2 Rd2
34. Rxf7 Rxd4 35. Rf8+ Kg7 36. R8f7+ Kg8 37. Rf8+ 1/2-1/2

[Event "40 Yrs Beer Sheva CC"]
[Site "Beer Sheva ISR"]
[Date "2013.05.28"]
[Round "8"]
[White "Avrukh, Boris"]
[Black "Fridman, Daniel"]
[Result "1/2-1/2"]
[WhiteTitle "GM"]
[BlackTitle "GM"]
[WhiteElo "2576"]
[BlackElo "2648"]
[WhiteFideId "2803895"]
[BlackFideId "11600454"]
[EventDate "2013.05.26"]

1. d4 d5 2. c4 e6 3. Nc3 Be7 4. Bf4 Nf6 5. e3 O-O 6. a3 b6 7. Nb5 Na6 8. Nf3 Bb7
9. Qc2 c6 10. Nc3 Rc8 11. Rd1 h6 12. Be2 dxc4 13. Bxc4 b5 14. Be2 Nd5 15. O-O
Nxf4 16. exf4 b4 17. axb4 Nxb4 18. Qa4 Qc7 19. Ne5 a6 20. Ne4 Rfd8 21. Nc5 a5
22. g3 Ra8 23. Bc4 g6 24. Nxf7 Rd5 25. Bxd5 cxd5 26. Ne5 Bxc5 27. dxc5 g5 28.
Qd7 Qxd7 29. Nxd7 gxf4 30. gxf4 Kf7 31. f3 Rc8 32. Rc1 Nd3 33. Ne5+ Nxe5 34.
fxe5 Kg6 35. Rc2 Kf5 36. Ra1 d4 37. Kf2 Kxe5 38. Rxa5 Bd5 39. b4 d3 40. Rd2 Kd4
41. Ra3 Bc4 42. Ra7 Kc3 43. Ke3 Kxb4 44. Rxd3 1/2-1/2

[Event "40 Yrs Beer Sheva CC"]
[Site "Beer Sheva ISR"]
[Date "2013.05.28"]
[Round "9"]
[White "Greenfeld, Alon"]
[Black "Khmelniker, Ilya"]
[Result "1-0"]
[WhiteTitle "GM"]
[BlackTitle "GM"]
[WhiteElo "2538"]
[BlackElo "2494"]
[WhiteFideId "2800039"]
[BlackFideId "2805340"]
[EventDate "2013.05.26"]

1. Nf3 Nf6 2. c4 g6 3. Nc3 d5 4. cxd5 Nxd5 5. g3 Bg7 6. Bg2 O-O 7. O-O Nc6 8. d4
Bf5 9. Re1 Nxc3 10. bxc3 Be4 11. Bf1 Na5 12. Ng5 Bd5 13. e4 Bc4 14. Bg2 e5 15.
Be3 Ba6 16. Nf3 exd4 17. cxd4 Nc4 18. Bg5 Qd7 19. Qb3 h6 20. Bf4 g5 21. Be3 Nxe3
22. Qxe3 Rfe8 23. Rad1 Rad8 24. d5 Qa4 25. h4 g4 26. Nh2 h5 27. Qg5 Qxa2 28. e5
Qb2 29. Be4 Kf8 30. Bh7 Re7 31. e6 Qf6 32. Qxh5 fxe6 33. Nxg4 Qf3 34. Be4 Qf7
35. Bg6 Qf3 36. Qg5 Rxd5 37. Rxd5 Qxd5 38. Qf4+ Kg8 39. Nf6+ Bxf6 40. Qxf6 Qd6
41. Re5 Rg7 42. Rxe6 1-0

[Event "40 Yrs Beer Sheva CC"]
[Site "Beer Sheva ISR"]
[Date "2013.05.28"]
[Round "9"]
[White "Fridman, Daniel"]
[Black "Fedorchuk, Sergey A."]
[Result "1/2-1/2"]
[WhiteTitle "GM"]
[BlackTitle "GM"]
[WhiteElo "2648"]
[BlackElo "2660"]
[WhiteFideId "11600454"]
[BlackFideId "14102536"]
[EventDate "2013.05.26"]

1. d4 Nf6 2. c4 e6 3. Nc3 Bb4 4. Qc2 d6 5. Nf3 Nbd7 6. Bd2 b6 7. e4 Bb7 8. Bd3
e5 9. d5 a5 10. b3 O-O 11. a3 Bxc3 12. Bxc3 Nc5 13. O-O Nh5 14. b4 Nxd3 15. Qxd3
Nf4 16. Qc2 Bc8 17. Bd2 Qf6 18. Bxf4 Qxf4 19. Nd2 f5 20. b5 fxe4 21. Nxe4 Bf5
22. Rae1 Rf7 23. Re3 Raf8 24. Qe2 Qh6 25. f3 Bg6 26. g3 Bf5 27. h4 Bxe4 28. Rxe4
Rf5 29. Kg2 Qg6 30. Qe3 Rf4 31. Rf2 R8f5 32. Kh2 Rxe4 1/2-1/2

[Event "40 Yrs Beer Sheva CC"]
[Site "Beer Sheva ISR"]
[Date "2013.05.28"]
[Round "9"]
[White "Roiz, Michael"]
[Black "Nabaty, Tamir"]
[Result "1-0"]
[WhiteTitle "GM"]
[BlackTitle "GM"]
[WhiteElo "2617"]
[BlackElo "2579"]
[WhiteFideId "2804158"]
[BlackFideId "2809052"]
[EventDate "2013.05.26"]

1. Nf3 d5 2. e3 Nf6 3. c4 e6 4. b3 Be7 5. Bb2 O-O 6. d4 b6 7. Bd3 Bb7 8. O-O
Nbd7 9. Nc3 c5 10. cxd5 cxd4 11. Nxd4 Nxd5 12. Nxd5 Bxd5 13. Qe2 Rc8 14. Rad1
Qc7 15. Ba6 Rcd8 16. Rc1 Qb8 17. Bc4 Bxc4 18. Rxc4 Ne5 19. Rc2 Rc8 20. Rfc1 Rxc2
21. Rxc2 Bc5 22. h3 a5 23. Nb5 Rd8 24. Bd4 Nd7 25. Qg4 e5 26. Bb2 Nf6 27. Qf5
Rd1+ 28. Kh2 Qe8 29. Nc3 Rd6 30. Na4 Nd7 31. Nxc5 bxc5 32. Qe4 f6 33. Bc3 Qd8
34. Qc4+ Kf8 35. Qb5 Qb6 36. Qxb6 Rxb6 37. Bxa5 Ra6 38. Bd2 Ke7 39. Kg3 Kd6 40.
Kf3 Nb6 41. e4 Nd7 42. Be3 Ra5 43. Ke2 Nf8 44. Kd3 Ne6 45. Kc4 Nd4 46. Rd2 Kc6
47. a4 Ra8 48. Rb2 Ra7 49. Bd2 Ra8 50. Bc3 g5 51. Ra2 Kb6 52. b4 cxb4 53. Bxd4+
exd4 54. Kxb4 Rc8 55. Rd2 Rc1 56. Rxd4 Rb1+ 57. Kc3 Kc5 58. Rd5+ Kc6 59. Rf5 1-0

[Event "40 Yrs Beer Sheva CC"]
[Site "Beer Sheva ISR"]
[Date "2013.05.29"]
[Round "10"]
[White "Laznicka, Viktor"]
[Black "Khmelniker, Ilya"]
[Result "1-0"]
[WhiteTitle "GM"]
[BlackTitle "GM"]
[WhiteElo "2679"]
[BlackElo "2494"]
[WhiteFideId "316385"]
[BlackFideId "2805340"]
[EventDate "2013.05.26"]

1. b3 e5 2. Bb2 Nc6 3. e3 Nf6 4. c4 Bd6 5. d3 O-O 6. Nd2 Re8 7. Ngf3 Bf8 8. Be2
d5 9. cxd5 Nxd5 10. a3 a5 11. O-O f6 12. Qc2 Be6 13. Rfd1 Qd7 14. Rac1 Qf7 15.
Qb1 Rad8 16. Nc4 Nb6 17. Nfd2 Nxc4 18. bxc4 Bc8 19. Bf3 Kh8 20. Ne4 Qg6 21. Nc3
Nb8 22. d4 Bf5 23. Qa2 exd4 24. exd4 Bg4 25. Bxg4 Qxg4 26. h3 Qh4 27. d5 Bc5 28.
Ba1 Qf4 29. Nb5 c6 30. Nd4 Bd6 31. g3 Qe4 32. Ne6 Rc8 33. Re1 Qg6 34. c5 Be5 35.
Bxe5 fxe5 36. Rxe5 cxd5 37. Qxd5 Nc6 38. Re3 Qh6 39. Rce1 Ne7 40. Ng5 1-0

[Event "40 Yrs Beer Sheva CC"]
[Site "Beer Sheva ISR"]
[Date "2013.05.29"]
[Round "10"]
[White "Huzman, Alexander"]
[Black "Fridman, Daniel"]
[Result "1/2-1/2"]
[WhiteTitle "GM"]
[BlackTitle "GM"]
[WhiteElo "2572"]
[BlackElo "2648"]
[WhiteFideId "2803828"]
[BlackFideId "11600454"]
[EventDate "2013.05.26"]

1. d4 d5 2. c4 e6 3. Nc3 c6 4. e3 Bd6 5. Bd3 f5 6. f4 Qh4+ 7. g3 Qe7 8. Nf3 Nf6
9. c5 Bc7 10. b4 Ne4 11. Bb2 Nd7 12. Qc2 O-O 13. O-O Kh8 14. Ne2 Ndf6 15. b5 Bd7
16. a4 Ba5 17. Ne5 Be8 18. Nc3 Rc8 19. Nxe4 Nxe4 20. Bxe4 fxe4 21. Qe2 Bc7 22.
bxc6 bxc6 23. Qa6 Rb8 24. Bc3 Bxe5 25. dxe5 Qd7 26. Qe2 Qb7 27. g4 Bd7 28. Qg2
Kg8 29. Bd4 Qc7 30. h3 Rb4 31. Rf2 Bc8 32. Kh1 Qb7 33. Kh2 Rb1 34. Rxb1 Qxb1 35.
Qg3 Qb8 36. Rb2 Qc7 37. Qe1 Ba6 38. Kg3 Qd8 39. Kh2 Qc7 40. Kg3 Qd8 1/2-1/2

[Event "40 Yrs Beer Sheva CC"]
[Site "Beer Sheva ISR"]
[Date "2013.05.29"]
[Round "10"]
[White "Fedorchuk, Sergey A."]
[Black "Rodshtein, Maxim"]
[Result "0-1"]
[WhiteTitle "GM"]
[BlackTitle "GM"]
[WhiteElo "2660"]
[BlackElo "2638"]
[WhiteFideId "14102536"]
[BlackFideId "2806851"]
[EventDate "2013.05.26"]

1. e4 e6 2. d4 d5 3. Nc3 Bb4 4. a3 Bxc3+ 5. bxc3 dxe4 6. Qg4 Nf6 7. Qxg7 Rg8 8.
Qh6 c5 9. Ne2 Nbd7 10. a4 b6 11. a5 Bb7 12. a6 Bc6 13. Nf4 Qe7 14. Be2 O-O-O 15.
O-O Ng4 16. Qh3 h5 17. Be3 Rg5 18. Nxh5 Nxe3 19. Qxe3 Rh8 20. Nf4 f6 21. Bc4 e5
22. dxe5 Nxe5 23. Be2 Qg7 24. Rfd1 Qh6 25. h3 Rhg8 26. Rd6 Rf5 27. Bg4 Rxg4 28.
Rd8+ Kxd8 29. Ne6+ Ke7 30. Qxh6 Rg6 31. Qf8+ Kxe6 32. Rd1 Rfg5 33. Rd6+ Kf5 34.
g3 e3 35. Qc8+ Ke4 36. Kf1 Rf5 0-1

[Event "40 Yrs Beer Sheva CC"]
[Site "Beer Sheva ISR"]
[Date "2013.05.29"]
[Round "10"]
[White "Avrukh, Boris"]
[Black "Greenfeld, Alon"]
[Result "1/2-1/2"]
[WhiteTitle "GM"]
[BlackTitle "GM"]
[WhiteElo "2576"]
[BlackElo "2538"]
[WhiteFideId "2803895"]
[BlackFideId "2800039"]
[EventDate "2013.05.26"]

1. d4 e6 2. c4 b6 3. e4 Bb7 4. Bd3 Bb4+ 5. Bd2 Bxd2+ 6. Nxd2 Qf6 7. Ne2 Nc6 8.
Nf3 g5 9. d5 Ne5 10. Nxe5 Qxe5 11. Qd2 Ne7 12. O-O-O O-O-O 13. h4 h6 14. f3 c6
15. Nc3 Kb8 16. Bc2 cxd5 17. exd5 Rc8 18. Rhe1 Qf4 19. Qxf4+ gxf4 20. Rd4 Ba6
21. dxe6 dxe6 22. Rxf4 Bxc4 23. Rxf7 Nd5 24. Nxd5 Bxd5 25. b3 Rhg8 26. Re2 Rc5
27. Kb2 Rc7 28. Rf6 h5 29. Bg6 Rcg7 30. Bxh5 Rxg2 31. Rxg2 Rxg2+ 32. Kc3 Rh2 33.
Rf4 Rxa2 34. Rf8+ Kc7 35. Rf7+ Kd6 36. Bg6 a5 37. h5 Rh2 38. Rh7 Bxf3 39. h6 Ke5
40. Rh8 b5 41. Kd3 Bh5 42. Bxh5 Rh3+ 43. Kc2 Rxh5 44. h7 b4 45. Kd3 Rh3+ 46. Kc4
Rh5 47. Kb5 Kf6+ 48. Ka4 Kf7 49. Ra8 Rxh7 50. Rxa5 Rh4 51. Rb5 e5 52. Rxe5 Kf6
53. Rb5 Ke6 54. Rxb4 Rh8 55. Rd4 Ra8+ 56. Kb4 Rb8+ 57. Kc4 Rc8+ 58. Kd3 Ke7 59.
b4 Rd8 60. Rxd8 Kxd8 61. Kd4 Kc8 62. Kc4 Kb8 63. Kb5 Kb7 64. Kc5 1/2-1/2

[Event "40 Yrs Beer Sheva CC"]
[Site "Beer Sheva ISR"]
[Date "2013.05.29"]
[Round "11"]
[White "Fridman, Daniel"]
[Black "Nabaty, Tamir"]
[Result "1/2-1/2"]
[WhiteTitle "GM"]
[BlackTitle "GM"]
[WhiteElo "2648"]
[BlackElo "2579"]
[WhiteFideId "11600454"]
[BlackFideId "2809052"]
[EventDate "2013.05.26"]

1. d4 d5 2. Nf3 Nf6 3. c4 dxc4 4. e3 b5 5. a4 b4 6. Bxc4 e6 7. a5 a6 8. Bd2 c5
9. O-O Bb7 10. Ne5 Bd6 11. Qa4+ Nfd7 12. Nxd7 Nxd7 13. dxc5 Bxh2+ 14. Kxh2 Qh4+
15. Kg1 Bxg2 16. Kxg2 1/2-1/2

[Event "40 Yrs Beer Sheva CC"]
[Site "Beer Sheva ISR"]
[Date "2013.05.29"]
[Round "11"]
[White "Roiz, Michael"]
[Black "Laznicka, Viktor"]
[Result "1/2-1/2"]
[WhiteTitle "GM"]
[BlackTitle "GM"]
[WhiteElo "2617"]
[BlackElo "2679"]
[WhiteFideId "2804158"]
[BlackFideId "316385"]
[EventDate "2013.05.26"]

1. Nf3 g6 2. d4 Bg7 3. e4 d6 4. Bd3 c5 5. d5 Bg4 6. Nbd2 Nf6 7. c3 O-O 8. h3
Bxf3 9. Nxf3 Na6 10. O-O Nc7 11. a4 b6 12. Re1 a6 13. Qe2 Qd7 14. c4 e5 15. Nh2 1/2-1/2

[Event "40 Yrs Beer Sheva CC"]
[Site "Beer Sheva ISR"]
[Date "2013.05.29"]
[Round "11"]
[White "Khmelniker, Ilya"]
[Black "Avrukh, Boris"]
[Result "0-1"]
[WhiteTitle "GM"]
[BlackTitle "GM"]
[WhiteElo "2494"]
[BlackElo "2576"]
[WhiteFideId "2805340"]
[BlackFideId "2803895"]
[EventDate "2013.05.26"]

1. d4 Nf6 2. c4 g6 3. f3 d5 4. cxd5 Nxd5 5. e4 Nb6 6. Nc3 Bg7 7. Be3 O-O 8. Qd2
e5 9. d5 c6 10. O-O-O cxd5 11. exd5 Na6 12. h4 Bd7 13. Kb1 Rc8 14. h5 Bf5+ 15.
Bd3 Nc4 16. Qe2 Nxb2 0-1